| 000 | 01023nam a22002771i 4500 | ||
|---|---|---|---|
| 001 | 749608 | ||
| 003 | EG-ScBUE | ||
| 005 | 20250731112101.0 | ||
| 008 | 850116t1959 nyua f 000 0 eng d | ||
| 040 |
_aDLC/ICU _beng _erda _cICU _dDLC _dEG-ScBUE |
||
| 082 | 0 | 4 |
_a539.7 _222 _bSEM |
| 100 | 1 |
_aSemat, Henry, _d1900- _eauthor. _96842 |
|
| 245 | 1 | 0 |
_aAtomic age physics / _cHenry Semat, professor of physics, The City College on New York, Harvey E. White, professor of physics, University of California. |
| 246 | 3 | 4 |
_aAtomic age physics : _beveryman's easy guide to atomics and nucleonics |
| 264 | 1 |
_aNew York : _bRinehart, _c[1959] |
|
| 264 | 4 | _cc1959 | |
| 300 |
_a230 pages : _billustrations ; _c21 cm |
||
| 336 |
_2rdacontent _atext _btxt |
||
| 337 |
_aunmediated _2rdamedia _bn |
||
| 338 |
_avolume _bnc _2rdacarrier |
||
| 650 | 7 |
_aMatter _xConstitution. _2BUEsh _96843 |
|
| 650 | 7 |
_aNuclear physics. _2BUEsh _96844 |
|
| 655 | _vReading book | ||
| 700 | 1 |
_aWhite, Harvey Elliott, _d1902- _ejoint author. _96845 |
|
| 942 |
_2ddc _cBB |
||
| 999 |
_c12009 _d12009 |
||